Score 0/40 Timer 04:00
0 Plays Today
Clue 4-Letter Word % Correct
★ First name of Spanish Surrealist artist ★
or French saint, ___ of Arc
▼ JOAN ▼
98%
★ Dog Barking at the ___
or Earth’s satellite
★ MOON ★
97.8%
American motor company founded by HenryFORD
97.5%
Not coldWARM
97.2%
Head covering attached to a coatHOOD
97%
Pained cryMOAN
96.9%
What the early bird getsWORM
96.8%
Owl callHOOT
96.6%
★ ___
or 'Once in a ___ moon'
★ BLUE ★
95.1%
VictualsFOOD
94.9%
Component of a skeleton BONE
94.9%
Insignificant or inconsequential MOOT
94.4%
★ The ___
or An area of land used for growing crops
★ FARM ★
93.4%
To listenHEAR
92.8%
To fly highSOAR
92.5%
From Genesis 1: “Without ___ and void”FORM
91.4%
Having an acidic tasteSOUR
91.3%
★ Person Throwing a Stone at a ___
or A winged, beaked animal
★ BIRD ★
91.3%
A chair or stoolSEAT
90.7%
Durable or solidHARD
90.6%
Clue 4-Letter Word % Correct
To burn or scorchSEAR
90.6%
'My word is my ___'BOND
90.3%
To fasten together tightlyBIND
90%
A minstrel or medieval poet BARD
89.9%
★ ___ of a Catalan Peasant ★
or Part of the body that houses the brain
★ HEAD ★
89.4%
★ Landscape (The ___) ★
or A jackrabbit
★ HARE ★
89.1%
Adorned in an article of clothingWORE
88.6%
Merchandise, to a salesman WARE
88.4%
★ The Sun, the [rung 3], and One ___
or Betelgeuse, Sirius, or Rigel, e.g.
★ STAR ★
86.9%
French for 'mud'BOUE
86.7%
Immediately in the ERSTAT
86.3%
Drink of fermented honey and waterMEAD
86%
To become less distinguishable BLUR
85.7%
Not spicy or of lower intensityMILD
85.5%
FeralWILD
85.4%
To speak unclearlySLUR
85.1%
To blend or combineMELD
83.5%
To fuse or burn togetherWELD
83.1%
'Catch-22' mess officer MinderbinderMILO
52.1%
★ Last name of Spanish Surrealist artist ★
or The opposite of the Office of Risk and Insurance Management?
▲ MIRÓ ▲
42.9%

Today's Daily Dose

You're not logged in!

Compare scores with friends on all Sporcle quizzes.
OR
Log In

Sporcle TV

Today on Sporcle TV


Watch our educational content, quiz creation guides, and fun videos on Sporcle TV.

Show Comments

Extras

Top Quizzes Today


Score Distribution

Paid Content

Your Account Isn't Verified!

In order to create a playlist on Sporcle, you need to verify the email address you used during registration. Go to your Sporcle Settings to finish the process.

Report this User

Report this user for behavior that violates our Community Guidelines.

Details: